000 00813cam a22002533a 4500
001 27273
003 PGUSA
005 20140828083605.0
008 081115s2008||||xxu|||||s|||||000 | eng d
040 _aPGUSA
_beng
042 _adc
050 4 _aPR
100 1 _aBehn, Aphra,
_d1640-1689
245 1 4 _aThe Works of Aphra Behn :
_bVolume IV
_h[electronic resource] /
_cAphra Behn
260 _bProject Gutenberg,
_c2008
505 0 _aSir Patient Fancy -- The amorous prince -- The Widow Ranter -- The younger brother; or, The amorous jilt.
506 _aPublic domain in the USA.
516 _aElectronic text
653 _aEnglish drama -- 17th century
700 1 _aSummers, Montague,
_d1880-1948
830 0 _aProject Gutenberg
_v27273
856 4 0 _uhttp://www.gutenberg.org/ebooks/27273
942 _cEB
999 _c256528
_d256528